000 00454nmm a2200133Ia 4500
005 20241119151913.0
008 241119s9999||||xx |||||||||||||||||und||
100 _aSpindler, Manuela
245 0 _aInternational Relations
260 _aVerlag Barbara Budrich
_c2013
650 _aLaw ; Architecture & Architectural History ; Urban Studies ; Public Policy & Administration
856 _uhttps://www.jstor.org/stable/10.2307/j.ctvdf09vd
942 _cE-Book
999 _c184781
_d184781